2025-26 NFL Starting QB/WR/RB/TE - Statistics

General Stats
  • This quiz has been taken 5,617 times
    2,841 since last reset
  • The average score is 104 of 160
Answer Stats
Team Answer % Correct
Buffalo Bills QB Josh Allen
94%
Baltimore Ravens QB Lamar Jackson
94%
Chicago Bears QB Caleb Williams
91%
Cincinnati Bengals QB Joe Burrow
91%
Carolina Panthers QB Bryce Young
90%
Dallas Cowboys QB Dak Prescott
90%
Green Bay Packers QB Jordan Love
90%
Denver Broncos QB Bo Nix
89%
Detroit Lions WR2 Jameson Williams
89%
Detroit Lions QB Jared Goff
89%
Dallas Cowboys RB Javonte Williams
89%
Atlanta Falcons QB Kirk Cousins
89%
Los Angeles Rams RB Kyren Williams
89%
Kansas City Chiefs QB Patrick Mahomes
89%
Detroit Lions WR1 Amon-Ra St. Brown
88%
Houston Texans QB C.J. Stroud
88%
Baltimore Ravens RB Derrick Henry
88%
Las Vegas Raiders QB Geno Smith
88%
Indianapolis Colts QB Daniel Jones
87%
Los Angeles Rams QB Matthew Stafford
87%
Jacksonville Jaguars QB Trevor Lawrence
87%
Philadelphia Eagles WR1 A.J. Brown
86%
Atlanta Falcons RB Bijan Robinson
86%
Cincinnati Bengals RB Chase Brown
86%
Philadelphia Eagles WR2 DeVonta Smith
86%
New England Patriots QB Drake Maye
86%
Los Angeles Chargers QB Justin Herbert
86%
Cleveland Browns QB Shedeur Sanders
86%
Miami Dolphins QB Tua Tagovailoa
86%
Minnesota Vikings RB Aaron Jones
85%
New England Patriots TE Hunter Henry
85%
Philadelphia Eagles QB Jalen Hurts
85%
Cincinnati Bengals WR1 Ja'Marr Chase
85%
Pittsburgh Steelers QB Aaron Rodgers
84%
Buffalo Bills RB James Cook
84%
Baltimore Ravens WR1 Zay Flowers
84%
San Francisco 49ers QB Brock Purdy
83%
Minnesota Vikings QB J.J. McCarthy
83%
Tampa Bay Buccaneers QB Baker Mayfield
82%
Dallas Cowboys WR1 CeeDee Lamb
82%
Arizona Cardinals QB Jacoby Brissett
82%
Seattle Seahawks QB Sam Darnold
82%
New York Giants WR1 Wan'Dale Robinson
82%
Tennessee Titans QB Cam Ward
81%
Seattle Seahawks WR1 Jaxon Smith-Njigba
81%
New York Giants QB Jaxson Dart
81%
Arizona Cardinals WR1 Marvin Harrison, Jr.
81%
Arizona Cardinals WR2 Michael Wilson
81%
Arizona Cardinals TE Trey McBride
81%
Atlanta Falcons WR1 Drake London
80%
Indianapolis Colts RB Jonathan Taylor
80%
Baltimore Ravens TE Mark Andrews
80%
Kansas City Chiefs TE Travis Kelce
80%
New York Jets QB Tyrod Taylor
80%
Dallas Cowboys WR2 George Pickens
79%
Minnesota Vikings WR1 Justin Jefferson
79%
New York Jets TE Mason Taylor
79%
Los Angeles Rams WR1 Puka Nacua
79%
Cincinnati Bengals WR2 Tee Higgins
79%
Detroit Lions RB Jahmyr Gibbs
78%
Houston Texans WR2 Jayden Higgins
77%
Atlanta Falcons TE Kyle Pitts
76%
Chicago Bears WR1 DJ Moore
75%
New England Patriots WR1 Stefon Diggs
74%
San Francisco 49ers RB Christian McCaffrey
73%
Green Bay Packers RB Josh Jacobs
73%
Philadelphia Eagles RB Saquon Barkley
73%
New Orleans Saints QB Tyler Shough
73%
Denver Broncos WR1 Courtland Sutton
72%
Los Angeles Rams WR2 Davante Adams
72%
Miami Dolphins WR1 Jaylen Waddle
72%
Chicago Bears RB D'Andre Swift
71%
Houston Texans WR1 Nico Collins
70%
Kansas City Chiefs WR1 Rashee Rice
70%
Miami Dolphins RB De'Von Achane
69%
Pittsburgh Steelers WR1 DK Metcalf
69%
San Francisco 49ers TE George Kittle
69%
Cleveland Browns WR1 Jerry Jeudy
69%
Buffalo Bills WR1 Khalil Shakir
69%
Washington Commanders QB Marcus Mariota
69%
Carolina Panthers WR1 Tetairoa McMillan
69%
Las Vegas Raiders RB Ashton Jeanty
68%
Las Vegas Raiders TE Brock Bowers
68%
Buffalo Bills TE Dalton Kincaid
68%
Kansas City Chiefs RB Kareem Hunt
68%
Indianapolis Colts WR1 Michael Pittman, Jr.
67%
Chicago Bears WR2 Rome Odunze
67%
Chicago Bears TE Colston Loveland
66%
Carolina Panthers RB Rico Dowdle
66%
Jacksonville Jaguars WR1 Brian Thomas, Jr.
65%
New Orleans Saints WR1 Chris Olave
65%
Pittsburgh Steelers RB Jaylen Warren
65%
Jacksonville Jaguars RB Travis Etienne, Jr.
65%
Indianapolis Colts TE Tyler Warren
65%
Green Bay Packers WR1 Christian Watson
64%
Seattle Seahawks RB Kenneth Walker III
64%
New England Patriots RB TreVeyon Henderson
63%
Dallas Cowboys TE Jake Ferguson
62%
Minnesota Vikings WR2 Jordan Addison
62%
Green Bay Packers WR2 Romeo Doubs
61%
Kansas City Chiefs WR2 Xavier Worthy
61%
Los Angeles Chargers WR1 Ladd McConkey
60%
Cleveland Browns RB Quinshon Judkins
60%
Washington Commanders WR1 Terry McLaurin
60%
Indianapolis Colts WR2 Alec Pierce
58%
New York Jets RB Breece Hall
58%
Minnesota Vikings TE T.J. Hockenson
58%
Tampa Bay Buccaneers RB Bucky Irving
57%
Philadelphia Eagles TE Dallas Goedert
57%
Atlanta Falcons WR2 Darnell Mooney
57%
Tampa Bay Buccaneers WR1 Emeka Egbuka
57%
New Orleans Saints TE Juwan Johnson
57%
New York Giants TE Theo Johnson
57%
Tampa Bay Buccaneers WR2 Chris Godwin, Jr.
56%
Denver Broncos RB RJ Harvey
56%
Seattle Seahawks WR2 Cooper Kupp
55%
Baltimore Ravens WR2 Rashod Bateman
55%
Jacksonville Jaguars WR2 Jakobi Meyers
54%
San Francisco 49ers WR1 Jauan Jennings
54%
Washington Commanders WR2 Deebo Samuel, Sr.
53%
Houston Texans TE Dalton Schultz
52%
Tennessee Titans RB Tony Pollard
51%
Cleveland Browns TE Harold Fannin, Jr.
50%
Denver Broncos TE Evan Engram
49%
New England Patriots WR2 Kayshon Boutte
49%
Los Angeles Chargers WR2 Quentin Johnston
49%
Houston Texans RB Woody Marks
49%
Pittsburgh Steelers TE Darnell Washington
48%
Miami Dolphins WR2 Malik Washington
48%
New York Giants RB Tyrone Tracy, Jr.
47%
San Francisco 49ers WR2 Ricky Pearsall
46%
Washington Commanders TE Zach Ertz
46%
Cincinnati Bengals TE Mike Gesicki
44%
Las Vegas Raiders WR1 Tre Tucker
44%
Carolina Panthers WR2 Xavier Legette
44%
Tampa Bay Buccaneers TE Cade Otton
42%
Miami Dolphins TE Darren Waller
41%
Los Angeles Chargers RB Kimani Vidal
39%
Denver Broncos WR2 Troy Franklin
38%
Jacksonville Jaguars TE Brenton Strange
35%
Pittsburgh Steelers WR2 Calvin Austin III
35%
Green Bay Packers TE Luke Musgrave
35%
Seattle Seahawks TE AJ Barner
34%
Arizona Cardinals RB Bam Knight
32%
Los Angeles Rams TE Colby Parkinson
30%
New York Giants WR2 Darius Slayton
30%
Carolina Panthers TE Tommy Tremble
30%
Tennessee Titans WR2 Chimere Dike
29%
New York Jets WR2 Adonai Mitchell
28%
Cleveland Browns WR2 Cedric Tillman
27%
New Orleans Saints RB Devin Neal
25%
Buffalo Bills WR2 Joshua Palmer
24%
Los Angeles Chargers TE Oronde Gadsden II
24%
Las Vegas Raiders WR2 Tyler Lockett
24%
Detroit Lions TE Brock Wright
22%
Washington Commanders RB Chris Rodriguez, Jr.
21%
Tennessee Titans WR1 Elic Ayomanor
20%
New York Jets WR1 John Metchie III
15%
New Orleans Saints WR2 Devaughn Vele
14%
Tennessee Titans TE Gunnar Helm
10%
No matching quizzes found
Score Distribution
Percent of People with Each Score
Percentile by Number Answered
Your Score History
You have not taken this quiz since the last reset